[Event "Biella op-B 6th"]
[Site "Biella"]
[Date "2015.09.26"]
[Round "3"]
[White "Caldi, Mario"]
[Black "Buffa, Sabarino Pietro"]
[Result "1/2-1/2"]
[WhiteElo "1864"]
[BlackElo "1778"]
[PlyCount "48"]
[EventDate "2015.09.25"]
[EventType "swiss"]
[EventRounds "5"]
[EventCountry "ITA"]
[SourceTitle "EXT 2024"]
[Source "ChessBase"]
[SourceDate "2023.10.10"]
[SourceVersion "1"]
[SourceVersionDate "2023.10.10"]
[SourceQuality "1"]

1. e4 d6 2. d4 Nf6 3. Nc3 g6 4. f3 c6 5. Be3 b5 6. a3 a6 7. Qd2 Qa5 8. Nge2 Nbd7 9. Nc1 h5 10. Nd3 Qc7 11. Bf4 c5 12. dxc5 Nxc5 13. Nb4 Bg7 14. Be2 Ne6 15. Be3 Bd7 16. 0-0 Qb7 17. Rab1 Rc8 18. Ncd5 Nxd5 19. Nxd5 Qc6 20. c3 Nc5 21. Rfd1 Be6 22. Kh1 a5 23. Bg5 f6 24. Be3 Kf7 1/2-1/2

[Event "Robecchetto op-B 24th"]
[Site "Robecchetto"]
[Date "2013.12.30"]
[Round "6"]
[White "Caldi, Mario"]
[Black "Guerini, Silvia"]
[Result "0-1"]
[WhiteElo "1865"]
[BlackElo "1823"]
[PlyCount "88"]
[EventDate "2013.12.27"]
[EventType "swiss"]
[EventRounds "6"]
[EventCountry "ITA"]
[SourceTitle "EXT 2015"]
[Source "ChessBase"]
[SourceDate "2014.11.20"]
[SourceVersion "1"]
[SourceVersionDate "2014.11.20"]
[SourceQuality "1"]

1. e4 c6 2. d4 d5 3. Nc3 dxe4 4. Nxe4 Nd7 5. Bc4 Ngf6 6. Ng5 e6 7. Qe2 Nb6 8. Be3 Nxc4 9. Qxc4 Be7 10. N5f3 Nd5 11. c3 Nxe3 12. fxe3 Qb6 13. b3 c5 14. Ne2 Bd7 15. Qd3 Bc6 16. 0-0 0-0 17. Ne5 Bf6 18. Ng4 Be7 19. Rf2 Rad8 20. Nf4 Bd6 21. Qe2 Be7 22. Ne5 cxd4 23. Nxc6 Qxc6 24. cxd4 Rc8 25. Raf1 Qe4 26. Nd3 Rc3 27. Rd1 Bg5 28. Qf3 Qxe3 29. Ne5 Rc2 30. Ng4 Qxf3 31. gxf3 Rfc8 32. Rxc2 Rxc2 33. a4 f6 34. d5 exd5 35. Rxd5 h5 36. Nf2 Be3 37. Rxh5 Rxf2 38. Kh1 Rxf3 39. Rb5 b6 40. a5 bxa5 41. Rxa5 Bb6 42. Rb5 Rf2 43. h4 Rb2 44. h5 Kf7 0-1

[Event "Biella op-B 4th"]
[Site "Biella"]
[Date "2013.09.29"]
[Round "4"]
[White "Guerini, Silvia"]
[Black "Caldi, Mario"]
[Result "1-0"]
[WhiteElo "1777"]
[BlackElo "1863"]
[PlyCount "77"]
[EventDate "2013.09.27"]
[EventType "swiss"]
[EventRounds "5"]
[EventCountry "ITA"]
[SourceTitle "EXT 2015"]
[Source "ChessBase"]
[SourceDate "2014.11.20"]
[SourceVersion "1"]
[SourceVersionDate "2014.11.20"]
[SourceQuality "1"]

1. e4 e6 2. Nf3 d5 3. e5 c5 4. b4 cxb4 5. a3 Nc6 6. axb4 Bxb4 7. c3 Be7 8. d4 Qc7 9. Bd3 f6 10. Nh4 g6 11. exf6 Nxf6 12. Bh6 e5 13. h3 e4 14. Bb5 Bd7 15. Bg5 0-0 16. 0-0 Nh5 17. Qb3 Be6 18. Nxg6 hxg6 19. Bh6 Rf7 20. Nd2 Kh7 21. Be3 Qd6 22. Be2 Nf4 23. Bxf4 Rxf4 24. Qb2 Rh4 25. f4 Rxf4 26. Rxf4 Qxf4 27. Qxb7 Rc8 28. Ra6 Rc7 29. Qa8 Rc8 30. Qb7 Qc7 31. Qb5 Bxh3 32. Qxd5 Bf5 33. Nxe4 Bxe4 34. Qxe4 Qg3 35. Bg4 Bd6 36. Bxc8 Qh2+ 37. Kf1 Ne7 38. Rxa7 Bg3 39. Qxe7+ 1-0

[Event "Biella Vercelli Province-ch"]
[Site "Santhia"]
[Date "2013.04.12"]
[Round "5"]
[White "Pedoni, Lorenzo"]
[Black "Caldi, Mario"]
[Result "0-1"]
[WhiteElo "1614"]
[BlackElo "1868"]
[PlyCount "74"]
[EventDate "2013.03.08"]
[EventType "swiss"]
[EventRounds "5"]
[EventCountry "ITA"]
[SourceTitle "EXT 2014"]
[Source "ChessBase"]
[SourceDate "2013.11.20"]
[SourceVersion "1"]
[SourceVersionDate "2013.11.20"]
[SourceQuality "1"]

1. e4 e6 2. d4 d5 3. Nc3 Nf6 4. Bg5 Bb4 5. e5 h6 6. exf6 hxg5 7. fxg7 Rg8 8. Qh5 Qf6 9. Qh7 Bxc3+ 10. bxc3 Qxg7 11. Qxg7 Rxg7 12. Be2 b6 13. Nf3 f6 14. 0-0 Ba6 15. Bxa6 Nxa6 16. Rfe1 Kd7 17. Re2 c5 18. Rae1 Re8 19. Rd2 c4 20. Rde2 Nc7 21. Nd2 Nb5 22. Nb1 Rge7 23. a4 Nd6 24. Na3 Ne4 25. Re3 f5 26. Nb1 g4 27. f3 f4 28. R3e2 gxf3 29. gxf3 Ng5 30. Kf2 Nh3+ 31. Kg2 Rh8 32. Kf1 Ng5 33. Nd2 Rh3 34. Kg2 Reh7 35. Re5 Rxh2+ 36. Kg1 Rh1+ 37. Kf2 R7h2# 0-1

[Event "Biella Vercelli Province-ch"]
[Site "Santhia"]
[Date "2013.03.15"]
[Round "2"]
[White "Caldi, Mario"]
[Black "Carando, Claudio"]
[Result "1-0"]
[WhiteElo "1868"]
[BlackElo "1404"]
[PlyCount "55"]
[EventDate "2013.03.08"]
[EventType "swiss"]
[EventRounds "5"]
[EventCountry "ITA"]
[SourceTitle "EXT 2014"]
[Source "ChessBase"]
[SourceDate "2013.11.20"]
[SourceVersion "1"]
[SourceVersionDate "2013.11.20"]
[SourceQuality "1"]

1. e4 d5 2. exd5 Qxd5 3. Nc3 Qa5 4. d4 Nf6 5. Bd2 c6 6. Qe2 Bg4 7. f3 Bh5 8. Ne4 Qc7 9. Nxf6+ gxf6 10. 0-0-0 e6 11. h4 f5 12. g4 fxg4 13. fxg4 Bg6 14. h5 Bxc2 15. Kxc2 Nd7 16. Bg5 Bg7 17. h6 Bf6 18. Nh3 Qa5 19. Bxf6 Nxf6 20. Kb1 Nd5 21. Bg2 Nc3+ 22. bxc3 Qxc3 23. Rd3 Qc4 24. Rc1 Qa6 25. Rcc3 Qb5+ 26. Rb3 Qa6 27. d5 0-0-0 28. dxc6 1-0

[Event "Piemont Province-ch"]
[Site "Santhia"]
[Date "2011.04.15"]
[Round "6"]
[White "Scarrone, Alberto"]
[Black "Caldi, Mario"]
[Result "1/2-1/2"]
[WhiteElo "1811"]
[BlackElo "1862"]
[PlyCount "73"]
[EventDate "2011.03.04"]
[EventType "swiss"]
[EventRounds "6"]
[EventCountry "ITA"]
[SourceTitle "EXT 2024"]
[Source "ChessBase"]
[SourceDate "2023.10.10"]
[SourceVersion "1"]
[SourceVersionDate "2023.10.10"]
[SourceQuality "1"]

1. d4 Nf6 2. c4 g6 3. Nc3 Bg7 4. e4 d6 5. Nf3 0-0 6. Be2 e5 7. d5 Nbd7 8. Bg5 h6 9. Bh4 a5 10. Nd2 Nc5 11. f3 g5 12. Bf2 b6 13. 0-0 Nh5 14. a3 Nf4 15. b3 Qd7 16. Rb1 f5 17. b4 Ncd3 18. Bxd3 Nxd3 19. Nb3 Nxf2 20. Rxf2 axb4 21. axb4 Bb7 22. c5 Qf7 23. Qf1 bxc5 24. bxc5 Ba6 25. Qe1 Rfb8 26. Rfb2 Bd3 27. Rd1 Bc4 28. Rdb1 Bxb3 29. Rxb3 Rxb3 30. Rxb3 dxc5 31. Qb1 Rf8 32. exf5 Qxf5 33. Qxf5 Rxf5 34. Ne4 Bf8 35. Rc3 Rf7 36. Nxc5 Bxc5+ 37. Rxc5 1/2-1/2

[Event "Biella op 1st"]
[Site "Biella"]
[Date "2010.09.26"]
[Round "4"]
[White "Caldi, Mario"]
[Black "Caprioglio, Riccardo"]
[Result "1-0"]
[WhiteElo "1870"]
[BlackElo "1560"]
[PlyCount "63"]
[EventDate "2010.09.24"]
[EventType "swiss"]
[EventRounds "5"]
[EventCountry "ITA"]
[SourceTitle "EXT 2024"]
[Source "ChessBase"]
[SourceDate "2023.10.10"]
[SourceVersion "1"]
[SourceVersionDate "2023.10.10"]
[SourceQuality "1"]

1. e4 e6 2. d4 d5 3. Nc3 Nf6 4. e5 Nfd7 5. f4 c5 6. Be3 Nc6 7. Nf3 Qb6 8. Qd2 cxd4 9. Nxd4 Bc5 10. 0-0-0 f6 11. Na4 Qb4 12. Nxc5 Qxd2+ 13. Rxd2 Nxc5 14. Nxc6 Ne4 15. Nd4 Nxd2 16. Kxd2 a6 17. c4 fxe5 18. fxe5 Kf7 19. Be2 h6 20. Rf1+ Ke7 21. Nb3 dxc4 22. Bc5+ Ke8 23. Bxc4 b5 24. Bd3 Bb7 25. Bg6+ Kd8 26. Rf7 Bd5 27. Bd6 Bc6 28. Nc5 Be8 29. Nxe6+ Kc8 30. Rc7+ Kb8 31. Re7+ Kc8 32. Bxe8 1-0

[Event "Biella op 1st"]
[Site "Biella"]
[Date "2010.09.26"]
[Round "5"]
[White "Temi, Walter"]
[Black "Caldi, Mario"]
[Result "1-0"]
[WhiteElo "2098"]
[BlackElo "1870"]
[PlyCount "59"]
[EventDate "2010.09.24"]
[EventType "swiss"]
[EventRounds "5"]
[EventCountry "ITA"]
[SourceTitle "EXT 2024"]
[Source "ChessBase"]
[SourceDate "2023.10.10"]
[SourceVersion "1"]
[SourceVersionDate "2023.10.10"]
[SourceQuality "1"]

1. e4 e6 2. d4 d5 3. Nc3 Bb4 4. e5 c5 5. Bd2 Bd7 6. Qg4 Ne7 7. dxc5 Bxc5 8. Qxg7 Rg8 9. Qxh7 Nbc6 10. f4 Nd4 11. Nge2 Qb6 12. Nxd4 Bxd4 13. 0-0-0 0-0-0 14. Qd3 a6 15. Kb1 Nf5 16. Bc1 Kb8 17. g4 Rxg4 18. Bh3 Rgg8 19. Nxd5 exd5 20. Bxf5 Bc5 21. Bxd7 Rxd7 22. f5 Qc6 23. h4 Rc8 24. h5 Bf2 25. h6 Bg3 26. Qxg3 Qxc2+ 27. Ka1 Rdc7 28. a3 Qxf5 29. e6 fxe6 30. Bf4 1-0

[Event "Biella op 1st"]
[Site "Biella"]
[Date "2010.09.25"]
[Round "2"]
[White "Caldi, Mario"]
[Black "Pulito, Alberto"]
[Result "0-1"]
[WhiteElo "1870"]
[BlackElo "2263"]
[PlyCount "48"]
[EventDate "2010.09.24"]
[EventType "swiss"]
[EventRounds "5"]
[EventCountry "ITA"]
[SourceTitle "EXT 2024"]
[Source "ChessBase"]
[SourceDate "2023.10.10"]
[SourceVersion "1"]
[SourceVersionDate "2023.10.10"]
[SourceQuality "1"]

1. e4 e6 2. d4 d5 3. Nc3 Bb4 4. e5 c5 5. a3 Bxc3+ 6. bxc3 Ne7 7. Bd3 Nbc6 8. Nf3 Qa5 9. Bd2 c4 10. Be2 f6 11. 0-0 Bd7 12. Re1 0-0-0 13. Bf1 h6 14. Qc1 fxe5 15. Nxe5 Nxe5 16. dxe5 Nc6 17. Rb1 g5 18. Qb2 b6 19. f4 gxf4 20. Bxf4 Rdf8 21. Be3 Rf5 22. Bd4 Rhf8 23. Qb5 Qxb5 24. Rxb5 Nxd4 0-1

[Event "Biella op 1st"]
[Site "Biella"]
[Date "2010.09.25"]
[Round "3"]
[White "Penna, Tommaso"]
[Black "Caldi, Mario"]
[Result "1/2-1/2"]
[WhiteElo "1705"]
[BlackElo "1870"]
[PlyCount "122"]
[EventDate "2010.09.24"]
[EventType "swiss"]
[EventRounds "5"]
[EventCountry "ITA"]
[SourceTitle "EXT 2024"]
[Source "ChessBase"]
[SourceDate "2023.10.10"]
[SourceVersion "1"]
[SourceVersionDate "2023.10.10"]
[SourceQuality "1"]

1. d4 Nf6 2. c4 g6 3. Nc3 Bg7 4. e4 d6 5. f3 0-0 6. Be3 e5 7. Nge2 exd4 8. Nxd4 Bd7 9. Be2 Nc6 10. Nc2 a6 11. 0-0 Re8 12. Qd2 h5 13. Rfd1 Qe7 14. Rac1 Kh7 15. b4 Ng8 16. c5 Be6 17. cxd6 cxd6 18. Nd5 Bxd5 19. Qxd5 Red8 20. Bc4 Ne5 21. Bb6 Rd7 22. Ne3 h4 23. Be2 Nf6 24. Qd2 Bh6 25. Rc2 Nh5 26. Nd5 Qe6 27. Be3 Bxe3+ 28. Qxe3 Nf6 29. Nb6 Rg8 30. Nxd7 Nfxd7 31. Rcd2 Nc4 32. Bxc4 Qxc4 33. Rxd6 Nf8 34. R1d5 Ne6 35. f4 Qxb4 36. f5 Ng5 37. Rb6 Qxe4 38. Qxe4 Nxe4 39. fxg6+ fxg6 40. Rxb7+ Kh6 41. Rb4 Re8 42. Rdd4 Nc3 43. Rxh4+ Kg5 44. Rhc4 Nd1 45. h4+ Kh5 46. Rc5+ Kh6 47. Kf1 Ne3+ 48. Kf2 Nd1+ 49. Kf3 Rf8+ 50. Ke2 Nf2 51. Ra5 Nh1 52. Rb3 Rf2+ 53. Ke1 Rxg2 54. Kf1 Rg4 55. Rh3 Ng3+ 56. Kg2 Nf5+ 57. Kf3 Rc4 58. Rxa6 Nxh4+ 59. Kg3 Kh5 60. Rxh4+ Rxh4 61. Rxg6 Ra4 1/2-1/2

[Event "Biella Province-ch"]
[Site "Valle Mosso"]
[Date "2010.04.23"]
[Round "6"]
[White "Ubezio, Marco"]
[Black "Caldi, Mario"]
[Result "1/2-1/2"]
[WhiteElo "2139"]
[BlackElo "1819"]
[PlyCount "69"]
[EventDate "2010.03.12"]
[EventType "k.o."]
[EventRounds "6"]
[EventCountry "ITA"]
[SourceTitle "EXT 2024"]
[Source "ChessBase"]
[SourceDate "2023.10.10"]
[SourceVersion "1"]
[SourceVersionDate "2023.10.10"]
[SourceQuality "1"]

1. e4 e6 2. d4 d5 3. Nc3 Bb4 4. exd5 exd5 5. Bd3 Ne7 6. Qh5 g6 7. Qe5 0-0 8. Bg5 Re8 9. Nge2 Nbc6 10. Qf4 Qd7 11. 0-0 Bd6 12. Qf6 Nf5 13. g4 Be7 14. Bxf5 Qd8 15. Bxc8 Bxf6 16. Bxb7 Rb8 17. Bxc6 Rxe2 18. Nxe2 Bxg5 19. b3 Qd6 20. Ba4 c6 21. Rae1 h5 22. gxh5 gxh5 23. Kh1 Kh8 24. Rg1 Qf6 25. f4 Bh4 26. Ref1 Rg8 27. Rxg8+ Kxg8 28. c3 Kf8 29. b4 Qe6 30. Bd1 Qe4+ 31. Kg1 Qe3+ 32. Kg2 Bf6 33. a4 h4 34. h3 a6 35. a5 1/2-1/2

[Event "ITA-ch Seniors 32nd"]
[Site "Arvier"]
[Date "2010.04.22"]
[Round "5"]
[White "Caldi, Mario"]
[Black "Renzini, Lorenzo"]
[Result "1-0"]
[WhiteElo "1819"]
[BlackElo "1746"]
[PlyCount "119"]
[EventDate "2010.04.18"]
[EventType "swiss"]
[EventRounds "9"]
[EventCountry "ITA"]
[SourceTitle "EXT 2024"]
[Source "ChessBase"]
[SourceDate "2023.10.10"]
[SourceVersion "1"]
[SourceVersionDate "2023.10.10"]
[SourceQuality "1"]

1. e4 c5 2. Nf3 d6 3. d4 cxd4 4. Nxd4 a6 5. Nc3 Nf6 6. Bg5 e6 7. f4 Be7 8. Qf3 Nc6 9. Nxc6 bxc6 10. Be2 Nd7 11. Bxe7 Qxe7 12. 0-0 d5 13. exd5 cxd5 14. Bd3 Bb7 15. Kh1 0-0 16. Rae1 Nc5 17. Qh3 Nxd3 18. Qxd3 Qc7 19. f5 e5 20. Nxd5 Bxd5 21. Qxd5 Rfe8 22. f6 Rad8 23. Qf3 g6 24. Qe3 Qd6 25. Qh6 Qf8 26. Qg5 h6 27. Qg3 Qd6 28. Re4 Re6 29. Qe1 Rxf6 30. Rxf6 Qxf6 31. h3 Re8 32. Qe2 Qd6 33. Ra4 Re6 34. Qd3 Qxd3 35. cxd3 f5 36. Kg1 Kf7 37. Kf2 Kf6 38. g3 g5 39. Rc4 Rd6 40. Ke2 Kg6 41. b4 f4 42. gxf4 gxf4 43. a4 Kg5 44. b5 axb5 45. axb5 Rb6 46. Rc5 Kf5 47. Kf3 Rd6 48. Rc3 Rb6 49. Rb3 h5 50. h4 Ke6 51. Ke4 Kd6 52. d4 f3 53. dxe5+ Kc5 54. Rxf3 Rxb5 55. Kf5 Rb8 56. Rd3 Rf8+ 57. Kg6 Rf4 58. e6 Rxh4 59. e7 Re4 60. Kf7 1-0